Normal view
MARC view
- Birgen, Brian J.
Entry Personal Name
001 - CONTROL NUMBER
- control field: 37257
003 - CONTROL NUMBER IDENTIFIER
- control field: OSt
005 - DATE AND TIME OF LATEST TRANSACTION
- control field: 20190301150154.0
008 - FIXED-LENGTH DATA ELEMENTS
- fixed length control field: 190301|| aca||aabn | a|a d
040 ## - CATALOGING SOURCE
- Original cataloging agency: OSt
- Transcribing agency: OSt
100 ## - HEADING--PERSONAL NAME
- Personal name: Birgen, Brian J.
670 ## - SOURCE DATA FOUND
- Source citation: Work cat.: (OSt): Birgen, Brian J., The uniqueness of rock-paper-scissors-lizard-spock/, cJul 2012-Sept 2015.
